000 02078nam a2200313Ia 4500
001 378
003 OSt
005 20250528074019.0
008 210216b ||||| |||| 00| 1 por d
020 _a9788532524577
040 _bpor
041 _apor
_hita
082 1 _a853
_bT76g
100 1 _aTroisi, Licia,
_d1980-
_9782
240 _aLe Guerre del mondo emerso / Le due guerriere
245 _aAs Guerras do Mundo Emerso:
_bAs Duas Guerreiras /
_cTroisi, Licia ; Tradução de Mario Fondeli
260 _aRio de Janeiro
_bRocco
_c2009
300 _a399 p.
520 _aDubhe precisa livrar-se do selo da maldição que lhe fora impresso pela Guilda, seita de assassinos da qual fugira. E a sua melhor chance de se livrar deste selo é encontrar um mago capaz de quebrá-lo. Para isso, se alia a Lonerin, o jovem mago que a ajudou na fuga. Os jovens partem para as Terras Desconhecidas para encontrar o lendário mago Senar – o único capaz de quebrar o selo de Dubhe e também a grande esperança dos habitantes dos territórios livres de ganhar a guerra –, sem saber que estão sendo perseguidos por Rekla, antiga monitora de Dubhe na Guilda, e outros dois assassinos. No caminho até o mago, sentimentos inesperados vêm à tona e o dois têm que lidar com revelações surpreendentes sobre os respectivos passados e confrontar os implacáveis assassinos enviados por Yeshol, sacerdote da Guilda, em um terreno perigoso, onde a magia não funciona da maneira que eles conhecem. Ao mesmo tempo, no Mundo Emerso, o gnomo Ido, supremo general, sai em busca de Tarik, o filho de Senar que, após um rixa com o pai, partiu das Terras Desconhecidas e está sendo procurado por Dohor e Yeshol para ser sacrificado no ritual que trará o Tirano de volta à vida.
650 0 _aLiteratura italiana
_9164
650 0 _aSuspense
_910
650 0 _aGuerreiras
_9784
650 0 _aMagia
_9785
655 0 _aRomance
_923
655 0 _aFicção
_922
700 _aMario Fondeli
_eTRADUTOR
_9786
830 _aAs guerras do mundo emerso
_vLivro 02
_9781
942 _2ddc
_cBK
999 _c378
_d378